| 000 | 01068nam0a2200289 4500 | ||
|---|---|---|---|
| 001 | RU\NLR\bibl\820530 | ||
| 005 | 20250614135228.0 | ||
| 010 |
_a5-7688-0845-0 _91000 |
||
| 021 |
_aRU _b2005-31065 _91556 |
||
| 035 | _a(NLR Aleph) 000809446 | ||
| 090 |
_a1231876 _c1231876 |
||
| 100 | _a20050715d2003 |||y0rusy50 ca | ||
| 101 | 0 | _arus | |
| 102 | _aRU | ||
| 105 | _aa ||||||||| | ||
| 200 | 1 |
_aЛадони, полные солнца _e[лирические новеллы] _fНэлли Ваторопина |
|
| 210 |
_aЧелябинск _cЮжно-Уральское книжное изд-во _d2003 |
||
| 215 |
_a110,[2] с. _cил. _d21 |
||
| 327 | 1 | _aСодерж.: циклы: Зареченские рассказы; Времена года; Бессонницы мои; Театральные монологи | |
| 686 | _aШ6(2=Р)75-440.5 | ||
| 700 | 1 |
_aВаторопина _bН. М. _gНэлли М. _4070 |
|
| 801 | 0 |
_aRU _bNLR _c20050715 _gPSBO |
|
| 801 | 1 |
_aRU _bNLR _c20050715 |
|
| 942 | _cBOOK | ||
| 980 | _aNB | ||